|
|
|
|
| LEADER |
01656cam a2200481 a 4500 |
| 001 |
nkc20071752273 |
| 003 |
CZ PrNK |
| 005 |
20080212164015.0 |
| 007 |
ta |
| 008 |
071108s2007 xr a e e 000 0 cze d |
| 015 |
|
|
|a cnb001752273
|
| 020 |
|
|
|a 978-80-7322-110-2
|q (váz.) :
|c Kč 195,00
|
| 035 |
|
|
|a (OCoLC)228498292
|
| 040 |
|
|
|a KLG001
|b cze
|d BOA001
|d ABA001
|
| 041 |
1 |
|
|a cze
|h eng
|
| 072 |
|
7 |
|a 636
|x Chov zvířat. Živočišná výroba
|2 Konspekt
|9 24
|
| 080 |
|
|
|a 636.7
|2 MRF
|
| 080 |
|
|
|a 591.5
|2 MRF
|
| 080 |
|
|
|a 591.51
|2 MRF
|
| 080 |
|
|
|a (031)
|2 MRF
|
| 100 |
1 |
|
|a Abrantes, Roger,
|d 1951-
|7 xx0029771
|4 aut
|
| 245 |
1 |
0 |
|a Řeč psů :
|b encyklopedie psího chování /
|c Roger Abrantes ; překlad Zuzana Coufalová ; ilustrace Alice Rasmussen
|
| 246 |
3 |
0 |
|a Encyklopedie psího chování
|
| 250 |
|
|
|a 2. vyd.
|
| 260 |
|
|
|a České Budějovice :
|b Dona,
|c 2007
|
| 300 |
|
|
|a 230 s. :
|b il. ;
|c 22 cm
|
| 500 |
|
|
|a Přeloženo z angličtiny?
|
| 504 |
|
|
|a Obsahuje bibliografii a bibliografické odkazy
|
| 650 |
0 |
7 |
|a psi
|7 ph115940
|2 czenas
|
| 650 |
0 |
7 |
|a etologie
|7 ph114495
|2 czenas
|
| 650 |
0 |
7 |
|a psychologie živočichů
|7 ph135003
|2 czenas
|
| 650 |
0 |
9 |
|a dogs
|2 eczenas
|
| 650 |
0 |
9 |
|a ethology
|2 eczenas
|
| 650 |
0 |
9 |
|a animal psychology
|2 eczenas
|
| 655 |
|
7 |
|a encyklopedie
|7 fd132201
|2 czenas
|
| 655 |
|
9 |
|a encyclopedias
|2 eczenas
|
| 700 |
1 |
|
|a Rasmussen, Alice,
|d 1926-
|7 mzk2007424037
|4 ill
|
| 700 |
1 |
|
|a Coufalová, Zuzana
|7 xx0018233
|4 trl
|
| 910 |
2 |
|
|a BOA001
|b 2-1190.763
|
| 990 |
|
|
|a BK
|
| 995 |
|
|
|a 01
|
| 991 |
|
|
|b 200712
|c NOV
|
| 996 |
6 |
|
|b 2610326738
|c 2-1190.763
|l MZK
|r Sklad / do 1 hodiny
|n 4
|p p.v.
|w 000876980
|u 000010
|a 1
|e BOA001
|j MZK50
|s P
|